| 000 -LEADER |
| fixed length control field |
01263nam a22001577a 4500 |
| 008 - FIXED-LENGTH DATA ELEMENTS--GENERAL INFORMATION |
| fixed length control field |
221012b ||||| |||| 00| 0 eng d |
| 100 ## - MAIN ENTRY--PERSONAL NAME |
| Personal name |
Isser, Rajesh |
| 245 ## - TITLE STATEMENT |
| Title |
UN peacekeeping in democratic republic of the Congo, 2003–2010: An operational perspective for air power employment |
| 260 ## - PUBLICATION, DISTRIBUTION, ETC. (IMPRINT) |
| Place of publication, distribution, etc |
Journal of Defence Studies |
| 300 ## - PHYSICAL DESCRIPTION |
| Extent |
16(3), Jul-Sep, 2022: p.77-104 |
| 520 ## - SUMMARY, ETC. |
| Summary, etc |
Air power has played a critical role in counter-insurgency and irregular warfare across the world. India’s own rich experience is full of documented roles of air power in such campaigns. This article documents the unique experience of Indian air power in ‘robust’ peacekeeping under the United Nations (UN) flag in Democratic Republic of the Congo in 2003– 2010. A modelling is attempted to understand doctrinal and conceptual issues of this experience. Lessons are gleaned to improve air power’s effectiveness in such less-than-war situations. This is an imperative in light of the increasing importance of protection of civilians during conflicts. – Reproduced |
| 650 ## - SUBJECT ADDED ENTRY--TOPICAL TERM |
| Topical term or geographic name as entry element |
Indian peacekeeping model, MONUC, Dr Congo, Air power, Robust peacekeeping. |
| 9 (RLIN) |
33652 |
| 773 ## - HOST ITEM ENTRY |
| Main entry heading |
Journal of Defence Studies |
| 906 ## - LOCAL DATA ELEMENT F, LDF (RLIN) |
| Subject DIP |
UNITED NATIONS |
| 942 ## - ADDED ENTRY ELEMENTS (KOHA) |
| Item type |
Articles |